College Quizbowl Stats
College Quizbowl Stats
Circuits
Seasons
Sets
Records
Detailed Stats
About
Loading...
2023 Penn Bowl (UK)
Tossups
Bonuses
Players
Teams
Categories (Tossup)
Categories (Bonus)
Leo Howard
Edinburgh A
Categories
Category
Powers
Gets
Negs
BBs
Points
Earliest Buzz
Avg. Buzz
First Buzzes
Top 3 Buzzes
BPA
PVF
Science - Other
0
2
0
2
20
124
126.50
0
0
0.00
0.00
Fine Arts - Visual
0
1
0
0
10
115
115.00
0
1
0.00
0.00
Fine Arts - Other
0
0
1
0
-5
0.00
0
0
0.00
0.00
Literature - European
0
0
1
0
-5
0.00
0
0
0.00
0.00
Buzzes
Category
Answer
Value
Buzz Position
Literature - European
dead
-5
108
Fine Arts - Visual
Utagawa Hiroshige
10
115
Science - Other
Gottfried Leibniz
10
124
Science - Other
controlled demolition
10
129
Fine Arts - Other
Republic of India
-5
135
Previous
1
Next